<?xml version="1.0" encoding="UTF-8"?>
<record
    xmlns:xsi="http://www.w3.org/2001/XMLSchema-instance"
    xsi:schemaLocation="http://www.loc.gov/MARC21/slim http://www.loc.gov/standards/marcxml/schema/MARC21slim.xsd"
    xmlns="http://www.loc.gov/MARC21/slim">

  <leader>01497nam a2200289 a 4500</leader>
  <controlfield tag="003">DO-SdBNP</controlfield>
  <controlfield tag="005">20260225123203.0</controlfield>
  <controlfield tag="007">ta</controlfield>
  <controlfield tag="008">220518e2004    dr abo|gr|||| 001 0 spa d</controlfield>
  <datafield tag="040" ind1=" " ind2=" ">
    <subfield code="a">DO-SdBNP</subfield>
    <subfield code="b">spa</subfield>
    <subfield code="c">BNPHU</subfield>
  </datafield>
  <datafield tag="082" ind1=" " ind2="4">
    <subfield code="2">22</subfield>
    <subfield code="b">P699c</subfield>
  </datafield>
  <datafield tag="245" ind1="1" ind2="0">
    <subfield code="a">Plan Cigua:</subfield>
    <subfield code="b">plan de desarrollo urbano para la Ci&#xE9;naga y los Guandules /</subfield>
    <subfield code="c">Coordinador, Andr&#xE9;s Navarro; Fotograf&#xED;as, Alexis Pe&#xF1;a.</subfield>
  </datafield>
  <datafield tag="260" ind1=" " ind2=" ">
    <subfield code="a">Santo Domingo :</subfield>
    <subfield code="b">Ciudad Alternativa,</subfield>
    <subfield code="c">2004</subfield>
  </datafield>
  <datafield tag="300" ind1=" " ind2=" ">
    <subfield code="a">93 p. :</subfield>
    <subfield code="b">il., fotogr., mapas</subfield>
    <subfield code="c">27 cm.</subfield>
  </datafield>
  <datafield tag="505" ind1="0" ind2=" ">
    <subfield code="a">Introducci&#xF3;n.</subfield>
  </datafield>
  <datafield tag="505" ind1="0" ind2=" ">
    <subfield code="a">I. Generalidades.</subfield>
    <subfield code="t">1.1 Ubicaci&#xF3;n del sector Domingo Savio.--</subfield>
    <subfield code="t">1.2 Objetivos.--</subfield>
    <subfield code="t">1.3 Estrategias.--</subfield>
    <subfield code="t">1.4 Pol&#xED;tica de desarroll.--</subfield>
    <subfield code="t">1.5 Gesti&#xF3;n y Marco Jur&#xED;dico del Plan.</subfield>
    <subfield code="g">II. Plan General.--</subfield>
    <subfield code="t">2.1 Estructuraci&#xF3;n.--</subfield>
    <subfield code="t">2.2 Programa de desarrollo.--</subfield>
    <subfield code="t">2.3 Plazos de desarrollo de proyectos por programas.--</subfield>
    <subfield code="g">III. Plan Piloto.--</subfield>
    <subfield code="t">3.1 Estructuraci&#xF3;n.--</subfield>
    <subfield code="t">3.2 Relaci&#xF3;n de proyectos.--</subfield>
    <subfield code="t">3.3. Perfiles de proyectos.</subfield>
  </datafield>
  <datafield tag="590" ind1=" " ind2=" ">
    <subfield code="a">Inventariado 2022 / MF</subfield>
  </datafield>
  <datafield tag="650" ind1=" " ind2="4">
    <subfield code="9">54556</subfield>
    <subfield code="a">Desarrollo Urbano</subfield>
    <subfield code="z">Rep&#xFA;blica Dominicana, La Ci&#xE9;naga </subfield>
  </datafield>
  <datafield tag="650" ind1=" " ind2="4">
    <subfield code="a">Desarrollo Urbano</subfield>
    <subfield code="z">Rep&#xFA;blica Dominicana, Los Guandules</subfield>
    <subfield code="9">81646</subfield>
  </datafield>
  <datafield tag="650" ind1=" " ind2="4">
    <subfield code="9">667</subfield>
    <subfield code="a">Renovaci&#xF3;n Urbana</subfield>
    <subfield code="z">Santo Domingo (Rep&#xFA;blica Dominicana)</subfield>
  </datafield>
  <datafield tag="650" ind1=" " ind2="0">
    <subfield code="a"> </subfield>
    <subfield code="9">75889</subfield>
  </datafield>
  <datafield tag="700" ind1="1" ind2=" ">
    <subfield code="9">59181</subfield>
    <subfield code="a">Navarro, Andr&#xE8;s</subfield>
    <subfield code="e">coord.</subfield>
  </datafield>
  <datafield tag="700" ind1="1" ind2=" ">
    <subfield code="9">5700</subfield>
    <subfield code="a">Pe&#xF1;a, Alexis</subfield>
    <subfield code="e">fotogr.</subfield>
  </datafield>
  <datafield tag="710" ind1="2" ind2=" ">
    <subfield code="a"> Ciudad Alternativa (Firma comercial  : Santo Domingo, Rep&#xFA;blica Dominicana)</subfield>
    <subfield code="9">81582</subfield>
  </datafield>
  <datafield tag="910" ind1=" " ind2=" ">
    <subfield code="a">MFeliz</subfield>
  </datafield>
  <datafield tag="942" ind1=" " ind2=" ">
    <subfield code="2">ddc</subfield>
    <subfield code="c">LBS1</subfield>
  </datafield>
  <datafield tag="952" ind1=" " ind2=" ">
    <subfield code="0">0</subfield>
    <subfield code="1">0</subfield>
    <subfield code="2">ddc</subfield>
    <subfield code="5">1</subfield>
    <subfield code="7">0</subfield>
    <subfield code="8">PD</subfield>
    <subfield code="a">BNPHU</subfield>
    <subfield code="b">BNPHU</subfield>
    <subfield code="c">HD</subfield>
    <subfield code="d">2016-10-13</subfield>
    <subfield code="e">Donado por Francisco C&#xE1;ceres</subfield>
    <subfield code="l">0</subfield>
    <subfield code="o">P699c</subfield>
    <subfield code="p">2022-2209</subfield>
    <subfield code="r">2022-05-18</subfield>
    <subfield code="w">2022-05-18</subfield>
    <subfield code="y">LBS1</subfield>
  </datafield>
  <datafield tag="999" ind1=" " ind2=" ">
    <subfield code="c">51761</subfield>
    <subfield code="d">51761</subfield>
  </datafield>
</record>
